| 000 | 00759nam a22001577a 4500 | ||
|---|---|---|---|
| 003 | OSt | ||
| 005 | 20151211144404.0 | ||
| 008 | 151211b xxu||||| |||| 00| 0 eng d | ||
| 040 | _cRUA | ||
| 082 | _aATM TAU 2004 B207 Or.1 | ||
| 100 |
_94713 _aTAUCH, MONY. |
||
| 245 | _aStudy on the batkong community forestry management in rohal commune, preahneth preah district, banttey meanchey province, ការសិក្សាអំពីការគ្រប់គ្រងសហគមន៍ព្រៃឈើបាត់គង ក្នុងឃុំរហាល ស្រុកព្រះនេត្រព្រះខេត្តបន្ទាយមានជ័យ | ||
| 260 |
_aPhnom Penh _bRUA _c2004 |
||
| 300 |
_aviii, 55p. _bill. _c29cm. |
||
| 942 |
_2ddc _cATM |
||
| 999 |
_c4392 _d4392 |
||